Aerospace avionics systems : (Record no. 593820)
[ view plain ]
| 000 -LEADER | |
|---|---|
| fixed length control field | 01112pam a2200277 a 4500 |
| 001 - CONTROL NUMBER | |
| control field | 3451001 |
| 005 - DATE AND TIME OF LATEST TRANSACTION | |
| control field | 20230320100824.0 |
| 008 - FIXED-LENGTH DATA ELEMENTS--GENERAL INFORMATION | |
| fixed length control field | 920918s1993 caua b 001 0 eng |
| 010 ## - LIBRARY OF CONGRESS CONTROL NUMBER | |
| LC control number | 92033766 |
| 020 ## - INTERNATIONAL STANDARD BOOK NUMBER | |
| International Standard Book Number | 0126468907 (acidfree paper) |
| 040 ## - CATALOGING SOURCE | |
| Original cataloging agency | DLC |
| Transcribing agency | DLC |
| Modifying agency | DLC |
| 050 00 - LIBRARY OF CONGRESS CALL NUMBER | |
| Classification number | TL588.5 |
| Item number | .S56 1993 |
| 082 00 - DEWEY DECIMAL CLASSIFICATION NUMBER | |
| Classification number | 625.1351 |
| Edition number | 20 |
| Author Mark | SIO |
| 100 1# - MAIN ENTRY--PERSONAL NAME | |
| Personal name | Siouris, George M. |
| 9 (RLIN) | 110556 |
| 245 10 - TITLE STATEMENT | |
| Title | Aerospace avionics systems : |
| Remainder of title | a modern synthesis / |
| Statement of responsibility, etc. | George M. Siouris. |
| 260 ## - PUBLICATION, DISTRIBUTION, ETC. | |
| Place of publication, distribution, etc. | San Diego : |
| Name of publisher, distributor, etc. | Academic Press, |
| Date of publication, distribution, etc. | c1993. |
| 300 ## - PHYSICAL DESCRIPTION | |
| Extent | xiii, 466 p. : |
| Other physical details | ill. ; |
| Dimensions | 24 cm. |
| 504 ## - BIBLIOGRAPHY, ETC. NOTE | |
| Bibliography, etc. note | Includes bibliographical references and index. |
| 650 #0 - SUBJECT ADDED ENTRY--TOPICAL TERM | |
| Topical term or geographic name entry element | Inertial navigation (Aeronautics) |
| 9 (RLIN) | 110557 |
| 650 #0 - SUBJECT ADDED ENTRY--TOPICAL TERM | |
| Topical term or geographic name entry element | Navigation (Aeronautics) |
| 9 (RLIN) | 1421 |
| 856 42 - ELECTRONIC LOCATION AND ACCESS | |
| Materials specified | Publisher description |
| Uniform Resource Identifier | <a href="http://www.loc.gov/catdir/description/els032/92033766.html">http://www.loc.gov/catdir/description/els032/92033766.html</a> |
| 856 41 - ELECTRONIC LOCATION AND ACCESS | |
| Materials specified | Table of contents |
| Uniform Resource Identifier | <a href="http://www.loc.gov/catdir/toc/els032/92033766.html">http://www.loc.gov/catdir/toc/els032/92033766.html</a> |
| 906 ## - LOCAL DATA ELEMENT F, LDF (RLIN) | |
| a | 7 |
| b | cbc |
| c | orignew |
| d | 1 |
| e | ocip |
| f | 19 |
| g | y-gencatlg |
| 942 ## - ADDED ENTRY ELEMENTS (KOHA) | |
| Source of classification or shelving scheme | |
| Koha item type | Book |
| Withdrawn status | Lost status | Source of classification or shelving scheme | Damaged status | Not for loan | Permanent Location | Current Location | Shelving location | Date acquired | Total Checkouts | Full call number | Barcode | Date last seen | Price effective from | Koha item type |
|---|---|---|---|---|---|---|---|---|---|---|---|---|---|---|
| School of Mechanical & Manufacturing Engineering (SMME) | School of Mechanical & Manufacturing Engineering (SMME) | General Stacks | 03/20/2023 | 625.1351 SIO | SMME-3919 | 03/20/2023 | 03/20/2023 | Book | ||||||
| School of Mechanical & Manufacturing Engineering (SMME) | School of Mechanical & Manufacturing Engineering (SMME) | Aerospace Engineering | 03/20/2023 | 625.1351 SIO | SMME-3920 | 03/20/2023 | 03/20/2023 | Book |
